000 00955nmm a2200361 a 4500
003 AR-BaBNM
005 20251128203457.0
008 287119s1945 ||||||||||||||000 | spa||
040 _cAR-BaBNM
100 1 _aTaussig, F.W.
245 1 0 _aPrincipios de economía
_n2
260 _aBuenos Aires
_bEspasa-Calpe
_c1945
300 _a588 p.
_btablas
504 _aBibliografía al final de cada capítulo
650 4 _aECONOMIA
650 4 _aSISTEMAS ECONOMICOS
650 4 _aTEORIA ECONOMICA
650 4 _aPRODUCCION
650 4 _aFINANZAS
650 4 _aSISTEMAS MONETARIOS
650 4 _aDINERO
650 4 _aBANCOS
650 4 _aCOMERCIO
650 4 _aCOMERCIO INTERNACIONAL
650 4 _aSISTEMAS ECONOMICOS
650 4 _aECONOMIA PLANIFICADA
650 4 _aECONOMIA SOCIALISTA
650 4 _aLIBRE COMERCIO
700 1 _aPozzo, Adolfo A.
_etraductor
700 1 _aClose, Alberto M.
_etraductor
942 _cBK
998 _cmariana
999 _c3565
_d3565